000 00898cab a2200313 4500
001 ABS68424
008 041124n2004 000 0 eng u
035 _a(Sirsi) u128109
245 _aFocus 1: east Scotland
260 _c2004
490 _aEstates Gazette
_v(0445) 6 November 2004, 67-81(11)
590 _aABS
650 _aSCOTLAND
650 _aEAST SCOTLAND
650 _aEDINBURGH
650 _aTAYSIDE
650 _aPERTH
650 _aABERDEEN
650 _aDUNDEE
650 _aINVERNESS
650 _aWAVERLEY VALLEY
650 _aSCOTTISH PARLIAMENT
650 _aREGENERATION
650 _aPROPERTY-COMMERCIAL PROPERTY-OFFICE PROPERTY-OFFICE PROPERTY MARKET
650 _aINDUSTRIAL MARKET
650 _aPROPERTY-COMMERCIAL PROPERTY-RETAIL PROPERTY-RETAIL PROPERTY MARKET
690 _aPROPERTY-COMMERCIAL PROPERTY-COMMERCIAL PROPERTY MARKET
942 _n0
999 _c74625
_d74625